Statistiques concernant Surnom des planetes du systeme solaire

Cliquez ici pour prendre le quiz!

Statistiques générales

  • Ce quiz a été pris 455 fois
  • Le résultat moyen est 5 sur 8

Statistiques - réponses

surnomplanète% Correct
planète bleuterre
97%
étoile du berger ou jumelle de la terrevénus
84%
la planete rougemars
79%
la geantejupiter
69%
le seigneur des anneauxsaturne
63%
le messager des dieuxmercure
53%
la planète couchéuranus
36%
les jumelles ( avec une planetes deja cité)neptune ( avec uranus)
28%

Distribution des résultats

Percentile par nombre de réponses

% des personnes avec chaque résultat

Votre développement - résultats

Vous n’avez pas pris ce quiz